Statistics for Stardew Valley - Produce by Picture #3

Click here to take the quiz!

General Stats

  • This quiz has been taken 149 times
  • The average score is 17 of 20

Answer Stats

Answer% Correct
Apple
100%
Corn
100%
Pumpkin
99%
Cherry
98%
Potato
98%
Eggplant
97%
Tomato
97%
Coffee Bean
95%
Rabbit's Foot
95%
Goat Milk
94%
Truffle
93%
Void Egg
89%
Green Tea
85%
Pickles
85%
Duck Mayonnaise
81%
Amaranth
79%
Pale Ale
78%
Common Mushroom
73%
Bok Choy
70%
Taro Root
44%

Score Distribution

Percentile by Number Answered

Percent of People with Each Score

Your Score History

You have not taken this quiz